A könyvhét előtt
Elmentve itt :
| Dokumentumtípus: | Cikk |
|---|---|
| Megjelent: |
1963-05-24
|
| Sorozat: | Délmagyarország
53 No. 119 |
| Kulcsszavak: | Kovács Sándor Iván, Benjámin László, Székely Magda, Ünnepi könyvhét, könyvnapok, Ünnepi Könyvhét Szeged 1963 |
| Online Access: | http://dmarchiv.bibl.u-szeged.hu/72556 |
| LEADER | 00497nab a2200145 i 4500 | ||
|---|---|---|---|
| 001 | delm72556 | ||
| 005 | 20180928082636.0 | ||
| 008 | 180928s1963 hu o 0|| hun d | ||
| 040 | |a SZTE Délmagyarország Archívum |b hun | ||
| 041 | |a hun | ||
| 245 | 0 | 2 | |a A könyvhét előtt |h [elektronikus dokumentum] |
| 260 | |c 1963-05-24 | ||
| 300 | |a 4 | ||
| 490 | 0 | |a Délmagyarország |v 53 No. 119 | |
| 695 | |a Kovács Sándor Iván, Benjámin László, Székely Magda, Ünnepi könyvhét, könyvnapok, Ünnepi Könyvhét Szeged 1963 | ||